[Event "ACL-A113"]
[Site "www.playchess.de"]
[Date "2001.04.21"]
[Round "19"]
[White "Habi"]
[Black "deadeasy"]
[WhiteElo "1830"]
[BlackElo "1500"]
[PlyCount "52"]
[Result "1/2-1/2"]

1.e4 c5 2.Nf3 Nc6 3.d4 cxd4 4.Nxd4 Nf6 5.Nc3 e5 
6.Ndb5 d6 7.Bg5 a6 8.Na3 b5 9.Bxf6 gxf6 10.Nd5 f5 
11.Bd3 Be6 12.O-O Bxd5 13.exd5 Ne7 14.Nxb5 Bg7 
15.Nc3 e4 16.Bc4 Qa5 17.Qd2 Rc8 18.Bb3 Bxc3 
19.bxc3 Qxc3 20.Qf4 Rg8 21.Rae1 Qh3 22.g3 Rg6 
23.Re2 Rc3 24.f3 h5 25.Ba4+ Kf8 26.fxe4 
Rcxg3+ 1/2-1/2

[Event "HCL-B241"]
[Site "www.playchess.de"]
[Date "2001.04.21"]
[Round "1"]
[White "e4forme"]
[Black "woolley1983"]
[WhiteElo "1500"]
[BlackElo "1200"]
[PlyCount "69"]
[Result "1-0"]

1.e4 {Hello......Good Luck!}  e5 2.Nf3 Nc6 3.Bc4 
Qe7 4.O-O d6 5.d4 Nf6 6.Nc3 Bd7 7.Bg5 O-O-O 8.Nd5 
Qe8 9.Nxf6 gxf6 10.Bxf6 Be7 11.Bxh8 Qxh8 12.d5 Nb4 
13.Qd2 a5 14.a3 Nxd5 15.Qxd5 Bc6 16.Qxf7 Qf6 
17.Qxf6 Bxf6 18.Bd5 Bxd5 19.exd5 c5 20.Rab1 a4 
21.b3 axb3 22.Rxb3 Kc7 23.Rfb1 Rb8 24.a4 b6 25.a5 
Bd8 26.R3xb6 Rxb6 27.Rxb6 e4 28.Nd2 Kc8 29.Rb5 Kd7 
30.a6 e3 31.fxe3 c4 32.a7 c3 33.Ne4 Ba5 34.a8Q {%} 
 Kc7 35.Rb7+ 1-0

[Event "HCL-C234"]
[Site "www.playchess.de"]
[Date "2001.04.21"]
[Round "12"]
[White "ionutz"]
[Black "Achilles"]
[WhiteElo "1330"]
[BlackElo "1001"]
[PlyCount "28"]
[Result "0-1"]

1.e4 {Salam Aleicum, Achilles}  e5 2.Nf3 Nc6 3.Bc4 
Bc5 4.c3 Nf6 5.d3 d6 6.Nbd2 O-O 7.Bb3 b5 8.Nf1 Ng4 
9.d4 exd4 10.cxd4 Bb6 11.h3 Nf6 12.Ng3 Qe7 13.O-O 
Na5 14.Bg5 h6 0-1

[Event "CCL-E015"]
[Site "www.playchess.de"]
[Date "2001.04.21"]
[Round "10"]
[White "Slipknot"]
[Black "joepechie"]
[WhiteElo "2000"]
[BlackElo "2001"]
[PlyCount "104"]
[Result "1/2-1/2"]

1.d4 {Hello}  c6 {Hi. Good luck}  2.e4 {Are you 
using chessmaste 8000 as well?}  d5 {Normally I 
use CM8000. Since there are 2or 3 people using it 
this tourn, I will use genius 6.5 just}  3.Nc3 {ok 
that's cool. I like the chessmaster program the 
best though. Do you?}  dxe4 {Yea. CM is my 
favorite. You have to deal with bugs at first but  
you get the most for your money}  4.Nxe4 {Plus I 
think it looks the best too. It also claims it has 
over a 2800 rating. We'll see.}  Bf5 {Chess genius 
suprised me when I played som games against 
cm,fritz,shredder,+junior}  5.Nc5 {Can you 
download some of these other programs like 
shredder & junior. & can you program them into cm} 
 Qc7 {None of the top programs will work in  cm. 
Only winboard engines. You can download fritz lite 
to tes}  6.Bd3 {If you don't mind me asking, what 
are winboard engines? Are they strong programs?}  
Bxd3 {Chess engines that work in winboard 
compatiable interface. There are about 100. Not as 
usally as str}  7.Nxd3 {I am going to see if I can 
put some into cm. thanks. Is anyone else moving in 
your games?}  Nd7 {No. I think were the only ones 
moving in this tournament. Get the crafty engine}  
8.Nf3 {I will get it but where do I go to download 
it. thanks for the info}  e6 {ftp://ftp.cis.uab.edu/pub/hyatt/ 
 What version of cm do you have}  9.O-O {I have 
cm8000, the newest version}  Ngf6 {Have you 
applied the downloadable patch}  10.c4 {I don't 
think so. what is it. I think I have some reading 
to do. :-)}  Be7 {It's a patch you can download at 
chessmaster.com  Yo have to put in the cd all the 
time but fixesbug}  11.Re1 {Ok I will check it 
out. thanks again. Someone else is moving in our 
games.}  O-O 12.Bf4 Qa5 13.Qb3 Qb6 14.Qc3 Rfd8 
15.c5 Qa6 16.Nb4 Qa4 17.b3 Qa3 18.Bg5 Qa5 19.Bh4 
Nf8 20.Bg3 Qa3 21.Ne5 Nd5 22.Nxd5 Rxd5 23.Nc4 Qa6 
24.a4 Bf6 25.Be5 Bxe5 26.Nxe5 Rad8 27.Rad1 {Why do 
players sign up and then not play?}  Ng6 {I'm not 
sure but it seems to happen a lot}  28.Nc4 b6 
29.Nd6 bxc5 30.dxc5 Rxd1 31.Rxd1 Nf4 32.Qe3 Nd5 
33.Qe5 Rf8 34.h3 Qa5 35.Qd4 g6 36.g3 Qc3 37.Qxc3 
Nxc3 38.Rd3 Nd5 39.Nc4 f6 40.Na5 Rc8 41.f4 Kf7 
42.Rd2 Ke7 43.Kg2 Kd7 44.Nc4 Rb8 45.Rd3 h5 46.h4 
Kd8 47.Kf2 Kc7 48.Kf3 Rb4 49.Ke2 Kd8 50.Kd1 Rb8 
51.Kc2 Kc7 52.Kb2 Kd7 1/2-1/2

[Event "HCL-B246"]
[Site "www.playchess.de"]
[Date "2001.04.21"]
[Round "4"]
[White "Lenny"]
[Black "Mother_Teresa"]
[WhiteElo "1200"]
[BlackElo "1189"]
[PlyCount "52"]
[Result "0-1"]

1.e4 e5 2.Nf3 Nc6 3.Bb5 d6 4.d4 Bd7 5.Bg5 Be7 
6.O-O Bxg5 7.Nxg5 Qxg5 8.f4 Qg4 9.Qxg4 Bxg4 
10.fxe5 Nge7 11.Bc4 O-O 12.e6 fxe6 13.Rxf8+ Rxf8 
14.Nd2 d5 15.Bd3 Nxd4 16.Re1 c6 17.c4 b6 18.e5 Ng6 
19.h3 Bf5 20.Bxf5 Nxf5 21.b3 a5 22.g3 Nxg3 23.Kg2 
Nh5 24.Nf3 Nhf4+ 25.Kh2 Nd3 26.Re3 
Nb4 0-1

[Event "HCL-C239"]
[Site "www.playchess.de"]
[Date "2001.04.21"]
[Round "5"]
[White "fossa"]
[Black "raayasa"]
[WhiteElo "763"]
[BlackElo "1000"]
[PlyCount "23"]
[Result "1-0"]

1.e3 e5 {hi fossa,i am from india.what about 
you.all the best for this game}  2.c4 Bd6 3.Nc3 
Nf6 {hi fossa,are u from germany?,why u r not 
rplying my messages}  4.Bd3 O-O 5.Qc2 Bb4 6.Nd5 a5 
{GUTEN TAG!!!}  7.Nxf6+ Qxf6 8.Bxh7+ Kh8 9.Bf5 g6 
10.Bh3 Nc6 11.Qe4 d6 12.Bxc8 1-0

[Event "HCL-E043"]
[Site "www.playchess.de"]
[Date "2001.04.21"]
[Round "5"]
[White "peze"]
[Black "Belka"]
[WhiteElo "2031"]
[BlackElo "1819"]
[PlyCount "25"]
[Result "1-0"]

1.d4 {Hello again ! :-))}  Nf6 {Hello:-) I hope, 
this game will be interesting!:-)}  2.c4 {I hope 
so too!}  c5 3.d5 b5 4.Nf3 g6 5.Qc2 bxc4 6.e4 Bg7 
7.Bxc4 d6 8.O-O O-O 9.h3 Nbd7 10.Re1 Nb6 11.Bf1 
Rb8 12.Nc3 e6 13.dxe6 1-0

[Event "HCL-C239"]
[Site "www.playchess.de"]
[Date "2001.04.21"]
[Round "17"]
[White "raayasa"]
[Black "Coney"]
[WhiteElo "1000"]
[BlackElo "1109"]
[PlyCount "22"]
[Result "0-1"]

1.e4 {hi coney,i am from india.r u from UK.all the 
best fro this game}  e5 {Hi, Good game !}  2.Nf3 
Nc6 3.Bd3 {hi coney,why r u not sending messages 
to me}  Nf6 4.O-O Bc5 5.Nc3 d6 6.Ng5 h6 7.Nf3 Ng4 
8.h3 Nxf2 9.Qe2 Nxd3+ 10.Kh1 Nf4 11.d3 
Nxh3 0-1

[Event "HCL-B233"]
[Site "www.playchess.de"]
[Date "2001.04.21"]
[Round "19"]
[White "Emilson"]
[Black "bundori"]
[WhiteElo "1500"]
[BlackElo "1501"]
[PlyCount "20"]
[Result "0-1"]

1.e4 e6 2.d4 d5 3.e5 c5 4.c3 Nc6 5.Nf3 Bd7 6.Be2 
f6 7.Be3 fxe5 8.Nxe5 Nxe5 9.dxe5 Qc7 10.Bf4 
g6 0-1

[Event "ACL-A127"]
[Site "www.playchess.de"]
[Date "2001.04.21"]
[Round "14"]
[White "MP"]
[Black "Holger"]
[WhiteElo "943"]
[BlackElo "1500"]
[PlyCount "21"]
[Result "1-0"]

1.d4 d5 2.Nf3 Bg4 3.Nbd2 e6 4.e3 Bb4 5.Be2 Nc6 
6.O-O Bd6 7.h3 Bxf3 8.Bxf3 Qh4 9.Re1 g5 10.e4 Nxd4 
11.exd5 1-0

[Event "HCL-B254"]
[Site "www.playchess.de"]
[Date "2001.04.21"]
[Round "5"]
[White "dgrudny"]
[Black "Bjorn"]
[WhiteElo "1470"]
[BlackElo "1500"]
[PlyCount "64"]
[Result "0-1"]

1.e4 e5 2.Nf3 Nc6 3.Bb5 d6 4.d4 exd4 5.Nxd4 Bd7 
6.Bxc6 bxc6 7.c4 Nf6 8.Nc3 c5 9.Nc2 Be7 10.O-O O-O 
11.Bf4 Rb8 12.b3 Re8 13.h3 Bc6 14.e5 dxe5 15.Bxe5 
Bd6 16.Bxd6 cxd6 17.Ne3 Ne4 18.Nxe4 Bxe4 19.Qg4 
Re5 20.Rad1 Qc7 21.Rfe1 Rbe8 22.Kf1 Bg6 23.Nd5 
R5xe1+ 24.Rxe1 Bd3+ 25.Kg1 Rxe1+ 26.Kh2 Qd8 
27.Nf6+ Kh8 28.Nh5 Bg6 29.Nf4 Bc2 30.Nh5 Qf8 
31.Qd7 Re2 32.f3 Bg6 0-1

[Event "HCL-B254"]
[Site "www.playchess.de"]
[Date "2001.04.21"]
[Round "8"]
[White "Bjorn"]
[Black "Franky"]
[WhiteElo "1500"]
[BlackElo "1819"]
[PlyCount "45"]
[Result "1-0"]

1.e4 c5 2.Nc3 Nc6 3.Nf3 e6 4.Bb5 Nge7 5.O-O a6 
6.Be2 Nd4 7.d3 Nxe2+ 8.Qxe2 d5 9.exd5 exd5 10.Re1 
h6 11.d4 c4 12.b3 Qa5 13.Bd2 Be6 14.Na4 Qc7 15.c3 
Bg4 16.Qe5 Qc6 17.Qf4 Bxf3 18.Qxf3 g6 19.Re2 b6 
20.Rae1 Rh7 21.Bf4 cxb3 22.axb3 Rd8 
23.h3 1-0

[Event "HCL-B250"]
[Site "www.playchess.de"]
[Date "2001.04.21"]
[Round "5"]
[White "ranonev"]
[Black "lonewolf"]
[WhiteElo "1300"]
[BlackElo "1428"]
[PlyCount "20"]
[Result "0-1"]

1.d4 Nf6 2.Nf3 g6 3.Nc3 d5 4.e3 Bg7 5.Bd3 Nc6 
6.Bd2 O-O 7.O-O Re8 8.a3 e5 9.e4 exd4 10.Nb5 
dxe4 0-1

[Event "HCL-A113"]
[Site "www.playchess.de"]
[Date "2001.04.21"]
[Round "22"]
[White "Yogibear"]
[Black "Kaotic"]
[WhiteElo "1845"]
[BlackElo "1577"]
[PlyCount "21"]
[Result "1-0"]

1.d3 {hello-have a nice game!!}  e5 {Thanks- Ihope 
that we have fun!}  2.Nc3 d5 3.Nf3 Nc6 4.g3 d4 
5.Nb1 Bg4 6.Bg2 Bxf3 7.Bxf3 Bc5 8.O-O Nf6 9.Bg5 
O-O 10.Nd2 Re8 11.c3 1-0

[Event "HCL-B260"]
[Site "www.playchess.de"]
[Date "2001.04.21"]
[Round "17"]
[White "Worf"]
[Black "dg"]
[WhiteElo "1615"]
[BlackElo "1167"]
[PlyCount "113"]
[Result "1-0"]

1.d4 {hello, good game !}  d5 2.Nf3 Nc6 3.Bf4 g6 
4.c3 {hello and a good game!}  Bg7 5.e3 Nf6 6.h3 
O-O 7.Bd3 e6 8.Nbd2 Bd7 9.Qe2 b6 10.g4 Qe7 
11.O-O-O Rac8 12.Rdg1 a5 13.h4 Na7 14.h5 b5 
15.hxg6 fxg6 16.Ne5 c5 17.Bh6 c4 18.Bc2 {nice 
game!}  b4 19.Bxg7 Kxg7 20.Nb1 Nc6 21.f4 Nxe5 
22.dxe5 Ne8 23.Qh2 Kg8 24.Bxg6 Qg7 25.Bxh7+ Kf7 
26.Qh5+ Ke7 27.Qh4+ Kf7 28.Bc2 bxc3 29.Nxc3 Nc7 
30.Qh7 Rfg8 31.g5 Rgh8 32.Qxg7+ Kxg7 33.Ne2 Nb5 
34.Ba4 c3 35.bxc3 Nxc3 36.Nxc3 Bxa4 37.Kd2 Bc6 
38.Rxh8 Kxh8 39.Rb1 Kg7 40.Rb6 Bd7 41.Rb7 Rd8 
42.Na4 Kg6 43.Nc5 Be8 44.Nxe6 Ra8 45.Nc7 Rc8 
46.Nxe8 Rxe8 47.Rb5 Rd8 48.Kd3 Kf5 49.Kd4 {It 
looks not so good for you!}  Ra8 50.a4 Ra7 51.Rxd5 
Ra8 52.Rd6 Ra7 53.Rf6+ Kg4 54.e6 Rb7 55.Rf7 Rb4+ 
56.Kd5 Rxa4 57.e7 1-0

[Event "HCL-E032"]
[Site "www.playchess.de"]
[Date "2001.04.21"]
[Round "14"]
[White "bernalius"]
[Black "Chris"]
[WhiteElo "2000"]
[BlackElo "2053"]
[PlyCount "47"]
[Result "1-0"]

1.e4 Nc6 2.d4 e6 3.Nf3 d5 4.e5 a6 5.c3 Nge7 6.Bd3 
Bd7 7.Ng5 Ng6 8.Qh5 Qe7 9.Nxh7 Qh4 10.Qxg6 fxg6 
11.Bxg6+ Kd8 12.Bg5+ Be7 13.Bxh4 Bxh4 14.g3 Be7 
15.f4 Be8 16.Bd3 g6 17.Ng5 Bxg5 18.fxg5 Ke7 19.Nd2 
Bf7 20.h4 Raf8 21.Ke2 Be8 22.Raf1 Nb8 23.Nb3 Nd7 
24.Na5 1-0

[Event "ACL-A132"]
[Site "www.playchess.de"]
[Date "2001.04.21"]
[Round "6"]
[White "Think"]
[Black "Lycanth"]
[WhiteElo "1500"]
[BlackElo "1745"]
[PlyCount "37"]
[Result "1-0"]

1.e4 {Allo, tu est jouer dans un club?}  e5 2.Nf3 
{Tu joues dans un club?}  Nc6 {salut ! non pas du 
tout . u speak french very well}  3.Bc4 {Ah non! 
J'ai seulement francais dans l'école}  Nf6 {hehe 
me i ve learn german at school but i ve forgot all 
now :)}  4.O-O {C'est très grave!!!!;-)}  Nxe4 
{oui :)}  5.Nc3 {What engine do you use?}  Nxc3 
{Deep Fritz but with my brain help :) and u ?}  
6.dxc3 {oh then I'm losing. I only use Fritz6}  
Qf6 {arf u should use ur brain too it will help, 
btw deep fritz and fritz6 r exactly the same:)}  
7.Ng5 {really? ( tu es bête commme tes pieds)}  
Nd8 8.f4 h6 {du bist ein dumkopf :)}  9.Ne4 {eh! 
du kannst ja deutsch!!}  Qg6 10.f5 Qb6+ 11.Kh1 
{How nlooks your chérie?}  d6 12.a4 {Qf6 was not 
good!}  a6 {Qf6 was the best way that i found, 
better than Qb6}  13.Qd3 Qc6 {we will see}  14.a5 
Qd7 15.Bb3 h5 16.Bg5 Nc6 {it s a hard defense but 
i can hold it}  17.Bh4 {I don't think so! But now 
I go on holiday!}  Rh6 18.f6 g5 19.Bxf7+ {oh oh} 
 1-0

[Event "HCL-E032"]
[Site "www.playchess.de"]
[Date "2001.04.21"]
[Round "21"]
[White "bernalius"]
[Black "peze"]
[WhiteElo "2000"]
[BlackElo "2013"]
[PlyCount "65"]
[Result "1/2-1/2"]

1.e4 e5 {Hi! Good luck}  2.Nf3 Nf6 3.Nxe5 {thanks, 
the same for you}  d6 4.Nf3 Nxe4 5.d4 d5 6.Bd3 Bd6 
7.O-O Bg4 8.Re1 f5 9.c3 O-O 10.Nbd2 Nd7 11.Qb3 Nb6 
12.Bxe4 fxe4 13.Rxe4 Bh5 14.Ne5 Qf6 15.f3 Rae8 
16.Nf1 Bxe5 17.dxe5 Qc6 18.Re1 Nd7 19.Be3 Nxe5 
20.Bd4 Nc4 21.Ng3 Bg6 22.Rad1 b6 23.Bf2 a5 24.a4 
Rxe1+ 25.Rxe1 Re8 26.Rd1 Re7 27.Qa2 Bc2 28.Ra1 Nd6 
29.b4 Bg6 30.b5 Qc4 31.Qd2 h6 32.h3 Kh7 
33.Kh2 1/2-1/2

[Event "HCL-B266"]
[Site "www.playchess.de"]
[Date "2001.04.21"]
[Round "18"]
[White "lonewolf"]
[Black "Think"]
[WhiteElo "1615"]
[BlackElo "1810"]
[PlyCount "77"]
[Result "1-0"]

1.e4 e6 {hi from Dreden how old are you?}  2.Nc3 
{71}  d5 {That's interisting. Almost everybody 
here is from 20-50 years old. Where exactly are 
you from?}  3.d4 {Arizona}  Bb4 4.e5 c5 5.a3 Bxc3+ 
{do you play with the book?}  6.bxc3 {No,I've been 
away from chess for awhile,and just play from 
experience}  Nc6 7.Nf3 cxd4 8.cxd4 Nge7 9.Bd3 Bd7 
10.O-O Ng6 11.Bg5 Nce7 12.Qb1 Rb8 13.Nh4 Qc7 
14.Nxg6 Nxg6 15.Rc1 Qc3 16.Qb4 Qxb4 17.axb4 a6 
{Why lonewolf are you a lonely old wolf?}  18.c4 
{old maybe but not lonely,i live by myself and 
when i was younger i use to chase the preety 
ladies.}  dxc4 {Great!}  19.Bxc4 {You play a good 
game,are you active in school or your community?}  
O-O 20.h4 h6 {Yes I play in a club (league: under 
16) I win a pawn but it's a high risk!}  21.h5 
hxg5 22.hxg6 f5 {The situation after f7 g6 had 
been terrible.}  23.d5 Rfe8 24.d6 Rbc8 25.Be2 
Rxc1+ {now my situation improves}  26.Rxc1 {yes it 
dos}  Rc8 {Thank's for improving my confidence!}  
27.Rxc8+ {my pleasure}  Bxc8 28.f4 g4 29.g3 Kf8 {I 
hope I win!}  30.Kf2 {Looks close,likely a draw.}  
Ke8 31.b5 Kd8 32.Ke3 a5 33.b6 Bd7 34.Kd4 Be8 
35.Kc3 Bxg6 36.Ba6 Be8 37.Bxb7 {Lets play this out 
a little longer,ok}  Bb5 38.Bd5 Kc8 
39.Bxe6+ 1-0

[Event "HCL-C243"]
[Site "www.playchess.de"]
[Date "2001.04.21"]
[Round "17"]
[White "ZenPuppie"]
[Black "guigao"]
[WhiteElo "747"]
[BlackElo "1425"]
[PlyCount "96"]
[Result "1/2-1/2"]

1.e4 e5 2.Nf3 Nc6 3.Bb5 a6 4.Bxc6 dxc6 5.Nxe5 Qd4 
6.Ng4 Qxe4+ 7.Ne3 Be6 8.Nc3 Qg6 9.a3 Nf6 10.d3 Bc5 
11.h3 Bxe3 12.Bxe3 {you got me...}  Qxg2 13.Kd2 
O-O-O 14.Qg1 Qf3 15.Re1 Nd5 16.Bg5 Rde8 17.Qg3 Qf5 
18.Ne4 h6 19.Be3 Nxe3 20.Rxe3 Qa5+ 21.c3 Qb5 22.b4 
Qd5 23.c4 Qd4 24.Kc2 Bf5 25.Rhe1 Re6 26.h4 Rhe8 
27.f3 Bg6 28.Qf4 f5 29.Nd6+ Qxd6 30.Qxd6 Rxd6 
31.R3xe8+ Bxe8 32.Rxe8+ Kd7 33.Re5 Rf6 34.f4 g6 
35.d4 b6 36.c5 Re6 37.a4 {fyi - away 4 the 
weekend}  Rxe5 38.dxe5 Ke6 39.Kc3 g5 40.fxg5 hxg5 
41.hxg5 Kxe5 42.Kd3 f4 43.g6 Kf6 44.Ke4 Kxg6 
45.Kxf4 Kf6 46.Ke4 Ke6 47.Kd4 Kd7 48.Kc4 
b5+ 1/2-1/2

[Event "HCL-A120"]
[Site "www.playchess.de"]
[Date "2001.04.21"]
[Round "7"]
[White "Hajtman"]
[Black "One_i"]
[WhiteElo "1700"]
[BlackElo "1706"]
[PlyCount "40"]
[Result "0-1"]

1.d4 Nf6 {Good luck to you from Canada}  2.c4 e6 
3.Nc3 b6 4.e4 Bb7 5.Bd3 Bb4 6.f3 c5 7.Nge2 d5 
8.Qb3 dxe4 9.fxe4 Nxe4 10.O-O Bxc3 11.bxc3 Nd7 
12.Be3 O-O 13.Rad1 Qe7 14.Bxe4 Bxe4 15.Ng3 cxd4 
16.cxd4 Bb7 17.d5 exd5 18.Nf5 Qe6 19.cxd5 Qe8 
20.Bh6 gxh6 0-1

[Event "HCL-C266"]
[Site "www.playchess.de"]
[Date "2001.04.21"]
[Round "11"]
[White "xerxes2u"]
[Black "patzyman"]
[WhiteElo "1496"]
[BlackElo "1000"]
[PlyCount "67"]
[Result "1/2-1/2"]

1.Nf3 Nc6 2.g3 e5 3.d3 d5 4.Bg2 Nf6 5.O-O Bc5 6.c3 
Be6 7.Nbd2 Qd7 8.e4 d4 9.Nb3 Be7 10.cxd4 exd4 
11.Nbd2 O-O 12.b3 Bg4 13.Bb2 Rad8 14.Nc4 Qe6 
15.Re1 Nd7 16.Qd2 Nde5 17.Ncxe5 Nxe5 18.Nxe5 Qxe5 
19.f3 Bc8 20.f4 Qh5 21.f5 Bg5 22.Qf2 c5 23.h4 Be7 
24.Bc1 f6 25.Bf3 Qe8 26.Kg2 b6 27.Rh1 Ba6 28.Be2 
Bd6 29.h5 h6 30.g4 Qe5 31.Bd2 Rde8 {what do you 
think, xerxes?  looks like a draw to me...}  
32.Raf1 {perhaps you are right, but I am not quite 
ready to draw yet.}  Bb7 {fair enough...}  33.Bf4 
Qe7 34.Bxd6 {OK, I don't see this going anywhere.} 
 1/2-1/2

[Event "HCL-C273"]
[Site "www.playchess.de"]
[Date "2001.04.21"]
[Round "6"]
[White "olaf"]
[Black "SpiderP"]
[WhiteElo "1448"]
[BlackElo "899"]
[PlyCount "97"]
[Result "1-0"]

1.e4 e5 2.Nf3 Nc6 3.Bc4 Bc5 4.Nc3 Nf6 5.Ng5 O-O 
6.O-O d6 7.Nd5 Bg4 8.Nxf6+ Qxf6 9.Qxg4 d5 10.Bxd5 
Rad8 11.c3 Be7 12.d3 Qg6 13.Qg3 h6 14.f4 hxg5 
15.fxg5 Bc5+ 16.Kh1 Be7 17.Rf3 Na5 18.Bd2 c6 
19.Bb3 Nxb3 20.axb3 a6 21.Qh4 f6 22.Raf1 fxg5 
23.Qg3 Rxf3 24.Rxf3 Rf8 25.Rxf8+ Bxf8 26.Qxe5 Qh5 
27.Qg3 Bd6 28.e5 Bxe5 29.Qxe5 Qd1+ 30.Qe1 Qxb3 
31.Qc1 Qb5 32.c4 Qf5 33.d4 g4 34.Qe1 Qh5 35.Bf4 
Qf5 36.Qc1 Qh7 37.Kg1 Qe4 38.Be3 Qh7 39.d5 g3 
40.hxg3 cxd5 41.cxd5 Qd3 42.Qd2 Qb1+ 43.Kf2 Qf5+ 
44.Bf4 Qd7 45.d6 b5 46.Qd5+ Kh7 47.Qc5 a5 48.Qc7 
Qe6 49.d7 1-0

[Event "HCL-A121"]
[Site "www.playchess.de"]
[Date "2001.04.21"]
[Round "7"]
[White "die_king_die"]
[Black "Tarrega"]
[WhiteElo "1700"]
[BlackElo "1690"]
[PlyCount "44"]
[Result "0-1"]

1.e4 c5 2.Nf3 e6 3.Nc3 Nc6 4.Bb5 Qc7 5.O-O a6 
6.Bxc6 Qxc6 7.d4 cxd4 8.Nxd4 Qc7 9.a3 Nf6 10.Re1 
Bd6 11.g3 Be5 12.Bg5 h6 13.Be3 g5 14.Qd2 Rg8 15.b4 
b6 16.a4 Bb7 17.f3 Rc8 18.Ra3 d5 19.f4 gxf4 20.Bf2 
fxg3 21.hxg3 Bxg3 22.e5 Bf4+ 0-1

[Event "HCL-B280"]
[Site "www.playchess.de"]
[Date "2001.04.21"]
[Round "4"]
[White "CHARON"]
[Black "jatimon"]
[WhiteElo "1557"]
[BlackElo "1200"]
[PlyCount "59"]
[Result "1-0"]

1.e4 e5 2.Nf3 Nc6 3.Bb5 a6 4.Ba4 Nf6 5.O-O Bc5 
6.Nxe5 Nxe4 7.Qe2 Nxe5 8.Qxe4 Bd6 9.d4 Qf6 10.dxe5 
Qxe5 11.Qxe5+ Bxe5 12.Re1 f6 13.f4 O-O 14.fxe5 
fxe5 15.Bb3+ Kh8 16.Rxe5 d6 17.Re7 c6 18.Nc3 Bf5 
19.Rxb7 Rae8 20.Bd2 d5 21.Re1 Red8 22.Ree7 a5 
23.Rexg7 Bg6 24.Bg5 Rde8 25.Rge7 Rea8 26.Rbc7 Rab8 
27.Rxc6 Rxb3 28.cxb3 Bd3 29.Bf6+ Kg8 
30.Rg7+ 1-0

[Event "HCL-B277"]
[Site "www.playchess.de"]
[Date "2001.04.21"]
[Round "2"]
[White "supercazzola"]
[Black "Fringe"]
[WhiteElo "1574"]
[BlackElo "1635"]
[PlyCount "35"]
[Result "1/2-1/2"]

1.d4 {ciao! di dove 6? quanti aani hai? 6 maschio 
o femmina?}  Nf6 {napoli, 34 maschio,  e tu?}  
2.Bg5 {padova 14 maschio. Buona partita}  c5 
3.Bxf6 gxf6 4.d5 Qb6 5.Qc1 f5 6.g3 Bg7 7.c3 d6 
8.Nd2 Qc7 9.Nh3 b5 10.Bg2 Nd7 11.O-O Nf6 12.Nf4 
Bd7 13.Qc2 Bh6 14.e3 Rb8 15.Nd3 e6 16.dxe6 fxe6 
17.Rfe1 e5 18.Red1 1/2-1/2

[Event "HCL-C268"]
[Site "www.playchess.de"]
[Date "2001.04.21"]
[Round "18"]
[White "supernova"]
[Black "hercos"]
[WhiteElo "1000"]
[BlackElo "1001"]
[PlyCount "57"]
[Result "1-0"]

1.e4 {Hola!}  c5 {hi, what do you do ? Hablas ? 
Bye bye}  2.d3 {my ICQ # 8992166 for playing 
faster.}  Nc6 {I do not have ICQ}  3.Nc3 {ok, no 
problem}  d6 {How aold are you ?}  4.Nf3 {25, 
you?}  Nf6 {25 too. I am an electrical engineering 
student. you ?}  5.Bg5 {computers student}  e6 
{Where in Israel do you live ? Tel Aviv}  6.d4 
{yes, what about you Rio?}  cxd4 {People thinks 
Brazil is a nice land. I prefer the hell ...}  
7.Nxd4 {I think its last move for today, I have to 
go soon..}  Be7 {Do you like astronomy. Why 
SuperNova ?}  8.Bb5 {not too much, but superNova 
is interesting, bye for today, I will resume, 
tomorrow.}  Bd7 {I do not undestand why jews and 
Muslins fight a lot. :-(}  9.O-O O-O 10.Bxc6 bxc6 
11.Nf3 d5 12.e5 Ne8 13.Bxe7 Qxe7 14.Ne2 c5 15.a3 
c4 16.Qd2 Rb8 17.Rab1 g6 18.Qh6 {getting 
complicated here..}  f5 19.exf6 Nxf6 {No doubts 
....}  20.Qe3 Ba4 21.b3 cxb3 22.cxb3 Bb5 23.a4 
Bxe2 24.Qxe2 Ne4 25.Qd3 {nice try..   ;-)}  Nc5 
26.Qc2 Rb4 27.Rfe1 Rfb8 28.Nd2 Qb7 29.Qxc5 {I 
think draw is not good now..}  1-0

[Event "HCL-X003"]
[Site "www.playchess.de"]
[Date "2001.04.21"]
[Round "3"]
[White "NoHa"]
[Black "ajedrez"]
[WhiteElo "2600"]
[BlackElo "2343"]
[PlyCount "42"]
[Result "1/2-1/2"]

1.e4 e5 2.Nf3 Nc6 3.Bb5 a6 4.Bxc6 dxc6 5.O-O f6 
6.d3 Ne7 7.Be3 Ng6 8.Nbd2 c5 9.Nc4 Be7 10.Qe1 O-O 
11.Qc3 b6 12.a4 a5 13.Rfe1 Be6 14.Rad1 Qd7 15.b3 
Bd6 16.Nfd2 Qf7 17.Nf1 Ne7 18.Ng3 Nc6 19.Ref1 Rad8 
20.Rd2 Rfe8 21.f3 Kh8 {Wir können auch gerne noch 
weiterspielen!}  1/2-1/2

[Event "HCL-E048"]
[Site "www.playchess.de"]
[Date "2001.04.21"]
[Round "26"]
[White "seedythayer"]
[Black "minkin72"]
[WhiteElo "2164"]
[BlackElo "2083"]
[PlyCount "40"]
[Result "0-1"]

1.e4 {Hi.  Glad to meet you. Hope we have a good 
game.  :-)}  c5 {Same here :)}  2.Nf3 d6 3.d4 cxd4 
4.Nxd4 Nf6 5.Nc3 a6 6.Be3 e6 7.f3 b5 8.Qd2 Nbd7 
9.g4 h6 10.O-O-O Bb7 11.h4 b4 12.Nce2 d5 13.Bh3 
dxe4 14.g5 hxg5 15.hxg5 exf3 16.Nf4 Ne4 17.Qe1 
Rxh3 18.Rxh3 e5 19.Nf5 Qa5 20.Kb1 
exf4 0-1

[Event "HCL-C276"]
[Site "www.playchess.de"]
[Date "2001.04.21"]
[Round "7"]
[White "adamant"]
[Black "Lukas"]
[WhiteElo "1098"]
[BlackElo "542"]
[PlyCount "59"]
[Result "1-0"]

1.c4 c5 2.Nc3 Nc6 3.e4 e6 4.g3 Nf6 5.Bg2 g6 6.Nge2 
Bg7 7.O-O O-O 8.d3 a6 9.f4 d6 10.h3 Qb6 11.b3 Bd7 
12.Be3 Nd4 13.Qd2 Nxe2+ 14.Qxe2 Ne8 15.Rac1 Bxc3 
16.Rxc3 Bc6 17.g4 Ng7 18.h4 Qd8 19.Qf2 b5 20.d4 f5 
21.dxc5 Bxe4 22.Bxe4 {Happy Easter}  fxe4 {Happy 
Easter to you too! Sorry, my English is terrible.} 
 23.Rd1 d5 24.cxd5 exd5 25.Bd4 Ne6 26.Be5 b4 
27.Rcd3 exd3 {---}  28.Rxd3 Nxc5 29.Qxc5 Qxh4 
30.Qxd5+ 1-0